Business in brief.

Bibliographic Details
New Title:Chase economic observer
Corporate Authors: Chase Manhattan Bank, New York, Chase National Bank of the City of New York
Format: Journal
Language:English
Published: New York, N.Y. : Economics Group, Chase Manhattan Bank, 1953-1980.
Subjects:
Online Availability: Check for online availability

MARC

Tag First Indicator Second Indicator Subfields
LEADER 00000cas a2200000 a 4500
001 in00000071127
005 20151008062052.0
008 750817d195319uunyubr p 0uuua1eng d
010 |a  65035413  
022 |a 0007-6821 
035 |a (OCoLC)01553914 
035 |9 AAJ9451AM 
040 |a MUL  |c MUL  |d OCL  |d UCU  |d COO  |d YUS  |d IUL  |d MUL  |d TXA  |d UtOrBLW 
043 |a n-us--- 
049 |a TXAE 
050 0 0 |a HF1  |b .C35 
245 0 0 |a Business in brief. 
264 1 |a New York, N.Y. :  |b Economics Group, Chase Manhattan Bank,  |c 1953-1980. 
300 |a 154 numbers :  |b illustrations ;  |c 28 cm. 
310 |a Bimonthly,  |b Mar./Apr. 1958- 
321 |a Quarterly,  |b 1953-Jan. 1958 
336 |a text  |b txt  |2 rdacontent 
337 |a unmediated  |b n  |2 rdamedia 
338 |a volume  |b nc  |2 rdacarrier 
362 0 |a No. 1 (Nov. 1953)- no. 154 (Nov./Dec. 1980) 
550 |a Issues for 1953-Jan. 1955 published by the Economic Research Dept. of the Chase National Bank; Apr. 1955- by the Economic Research Dept. of the Chase Manhattan Bank. 
650 0 |a Business  |v Periodicals. 
651 0 |a United States  |x Commerce  |v Periodicals. 
710 2 |a Chase Manhattan Bank, New York. 
710 2 |a Chase National Bank of the City of New York. 
785 0 0 |t Chase economic observer  |w (OCoLC)7266267 
999 |a MARS 
999 f f |s 3b2a5e6c-b197-3fe1-8cbb-e1b37c0567da  |i 1e988ef1-084c-356f-a738-2ebad9c36df0  |t 0 
952 f f |p withdrawn  |a Texas A&M University  |b College Station  |c Sterling C. Evans Library  |d Evans: Library Stacks  |t 0  |e HF1 .C35  |h Library of Congress classification  |i unmediated -- volume  |k no.119-136  |l 1974-1977  |m A14823979623 
952 f f |p withdrawn  |a Texas A&M University  |b College Station  |c Sterling C. Evans Library  |d Evans: Library Stacks  |t 0  |e HF1 .C35  |h Library of Congress classification  |i unmediated -- volume  |k no.137-154  |l 1977-1980  |m A14823979576 
998 f f |a HF1 .C35  |s no.119-154 (1974-1980)  |t 0  |l Evans: Library Stacks